Catálogo
 En Linea

Cultura aconcagua / (Registro nro. 39114)

Detalles MARC
000 -CABECERA
campo de control de longitud fija 00614nam a2200169 a 4500
001 - NÚMERO DE CONTROL
campo de control 000039624
005 - FECHA Y HORA DE LA ÚLTIMA TRANSACCIÓN
campo de control 20201002033640.0
008 - DATOS DE LONGITUD FIJA--INFORMACIÓN GENERAL
campo de control de longitud fija 130712s1995 ch a 000 0 spa d
040 ## - FUENTE DE LA CATALOGACIÓN
Centro catalogador/agencia de origen DO-SdBNP
Lengua de catalogación spa
Centro/agencia transcriptor BNPHU
100 1# - ENTRADA PRINCIPAL--NOMBRE DE PERSONA
Nombre de persona Sánchez Romero, Rodrigo
9 (RLIN) 65798
245 10 - MENCIÓN DE TÍTULO
Título Cultura aconcagua /
Mención de responsabilidad, etc. Rodrigo Sánchez Romero, Mauricio Massone Mezzano.
260 ## - PUBLICACIÓN, DISTRIBUCIÓN, ETC.
Lugar de publicación, distribución, etc. Santiago de Chile :
Nombre del editor, distribuidor, etc. Dirección de Bibliotecas, Archivos y Museos,
Fecha de publicación, distribución, etc. 1995.
300 ## - DESCRIPCIÓN FÍSICA
Extensión 61 p. :
Otras características físicas ils. ;
Dimensiones 23 cm.
490 1# - MENCIÓN DE SERIE
Mención de serie Imágenes del Patrimonio
Designación de volumen o secuencia no. 1
700 1# - PUNTO DE ACCESO ADICIONAL--NOMBRE DE PERSONA
Nombre de persona Massone Mezzano, Mauricio
9 (RLIN) 65799
830 #0 - PUNTO DE ACCESO ADICIONAL DE SERIE-TÍTULO UNIFORME
Título uniforme Imágenes del Patrimonio
Número de parte o sección de la obra no. 1
9 (RLIN) 65800
Existencias
Estado de retiro Estado de pérdida Restricciones de uso No para préstamo Código de colección Localización permanente Ubicación/localización actual Ubicación en estantería Fecha de adquisición Número de inventario Total de préstamos Signatura topográfica completa Código de barras Fecha visto por última vez Precio válido a partir de Tipo de ítem Koha
        Monografías: Libros y Folletos General General En catalogación 12.07.2013 LF1   39624-10 25.06.2020 25.06.2020 Préstamo en sala

Con tecnología Koha